000 00839nam a2200277 i 4500
001 88831
003 ES-MaACL
005 20230906175939.0
007 t|
008 041223s1993 sp ||||1| spa d
020 _a84-477-0272-3
080 _a519.237.7
100 1 _aFerrando Piera, Pere Joan.
_950291
245 1 0 _aIntroducción al análisis factorial /
_cPere Joan Ferrando Piera.
250 _a1ª ed.
260 _aBarcelona :
_bPPU,
_c1993.
300 _a268 p. ;
_c23 cm.
490 1 _aAvances metodológicos en psicología
490 1 _aUniversitas ;
_v60
504 _aBibliografía: p. [263]-268.
650 1 4 _aAnálisis factorial.
_99768
830 0 _aAvances metodológicos en psicología
_9231847
830 0 _aUniversitas ;
_v60
_9226602
852 _aES-MaACL
_jE-10686
_bR.134854
999 _c88831
_d88831